SATERDAGSKIND (Record no. 687352)

MARC details
000 -LEADER
fixed length control field 00294nam a2200109Ia 4500
008 - FIXED-LENGTH DATA ELEMENTS--GENERAL INFORMATION
fixed length control field 220624s9999 xx 000 0 und d
020 ## - INTERNATIONAL STANDARD BOOK NUMBER
International Standard Book Number <a href="0 7981 2836 4">0 7981 2836 4</a>
082 ## - DEWEY DECIMAL CLASSIFICATION NUMBER
Classification number AF DEKO
942 ## - ADDED ENTRY ELEMENTS
Creator ID 561
Creator Name John Tresidder
Modifier ID
Modifier Name CRON CRON
100 ## - MAIN ENTRY--PERSONAL NAME
Personal name De Kock, Helene
245 #0 - TITLE STATEMENT
Title SATERDAGSKIND
942 ## - ADDED ENTRY ELEMENTS
item type Books
Holdings
Withdrawn status Lost status Damaged status Not for loan Home library Current library Date acquired Cost, normal purchase price Total Checkouts Barcode Date last seen Price effective from item type Public note
        Pullenshope PL (MMID-PLST-PULL) Pullenshope PL (MMID-PLST-PULL) 25.06.2022 38.49   33228 0010 3667 0 25.06.2022 25.06.2022 Books 91051800181